Happiest countries in Eurpoe (2018) - Statistics

General Stats
  • This quiz has been taken 176 times
  • The average score is 12 of 15
Answer Stats
Rank Contry % Correct
7 Sweden
93%
13 United Kingdom
93%
3 Denmark
92%
10 Germany
91%
2 Norway
91%
1 Finland
90%
4 Iceland
82%
9 Ireland
82%
6 Netherlands
82%
11 Belgium
79%
5 Switzerland
78%
12 Luxembourg
73%
8 Austria
72%
14 Czech Republic
59%
15 Malta
53%
No matching quizzes found
Score Distribution
Percent of People with Each Score
Percentile by Number Answered
Your Score History
You have not taken this quiz